[Event "HUN-chT2 Erkel 1617"]
[Site "Hungary"]
[Date "2017.04.09"]
[Round "11.4"]
[White "Bakos, Levente"]
[Black "Koszegi, Lajos"]
[Result "0-1"]
[WhiteElo "2128"]
[BlackElo "2070"]
[PlyCount "66"]
[EventDate "2016.09.25"]
[EventType "team-tourn"]
[EventRounds "11"]
[EventCountry "HUN"]
[SourceTitle "EXT 2021"]
[Source "ChessBase"]
[SourceDate "2020.10.23"]
[SourceVersion "1"]
[SourceVersionDate "2020.10.23"]
[SourceQuality "1"]
[WhiteTeam "Andornaktalya"]
[BlackTeam "Szada GSBE"]
[WhiteTeamCountry "HUN"]
[BlackTeamCountry "HUN"]

1. b3 c5 2. Bb2 Nc6 3. e3 d5 4. Nf3 e6 5. Bb5 Bd7 6. c4 Nf6 7. 0-0 Be7 8. d3 0-0 9. Nbd2 Rc8 10. a3 Ne8 11. Rc1 a6 12. Ba4 b6 13. Bxc6 Bxc6 14. Ne5 Bb7 15. d4 cxd4 16. exd4 Bd6 17. Qe2 Qe7 18. b4 dxc4 19. Ndxc4 Bc7 20. Ne3 Nf6 21. f4 Nd5 22. Nxd5 exd5 23. Qd2 Qd6 24. Rc3 f6 25. Ng4 h5 26. Ne3 Qe6 27. Qd3 Bb8 28. Qg6 Qf7 29. Qd3 g6 30. g3 Rxc3 31. Bxc3 Re8 32. Ng2 Re4 33. Re1 Qe6 0-1

[Event "HUN-chT2 Erkel 1617"]
[Site "Hungary"]
[Date "2016.10.30"]
[Round "3.4"]
[White "Bakos, Levente"]
[Black "Eberth, Zoltan"]
[Result "0-1"]
[WhiteElo "2128"]
[BlackElo "2146"]
[PlyCount "36"]
[EventDate "2016.09.25"]
[EventType "team-tourn"]
[EventRounds "11"]
[EventCountry "HUN"]
[SourceTitle "EXT 2021"]
[Source "ChessBase"]
[SourceDate "2020.10.23"]
[SourceVersion "1"]
[SourceVersionDate "2020.10.23"]
[SourceQuality "1"]
[WhiteTeam "Andornaktalya"]
[BlackTeam "Jaszbereny"]
[WhiteTeamCountry "HUN"]
[BlackTeamCountry "HUN"]

1. e4 c5 2. Nf3 g6 3. d4 Bg7 4. Nc3 cxd4 5. Nxd4 Nc6 6. Be3 Nf6 7. Be2 0-0 8. 0-0 d5 9. exd5 Nb4 10. d6 Qxd6 11. Ndb5 Qb8 12. Bf3 Bf5 13. Nd4 Rd8 14. Qe2 e5 15. Nxf5 gxf5 16. Qb5 Nxc2 17. Bxb7 a6 18. Qa4 Nxe3 0-1

[Event "HUN-chT2 Erkel 1516"]
[Site "Hungary"]
[Date "2015.10.04"]
[Round "2.2"]
[White "Bakos, Levente"]
[Black "Kormos, Adam"]
[Result "1-0"]
[WhiteElo "2129"]
[BlackElo "2126"]
[PlyCount "59"]
[EventDate "2015.09.13"]
[EventType "team-tourn"]
[EventRounds "11"]
[EventCountry "HUN"]
[SourceTitle "CBM 170 Extra"]
[Source "ChessBase"]
[SourceDate "2016.02.25"]
[SourceVersion "1"]
[SourceVersionDate "2016.02.25"]
[SourceQuality "1"]
[WhiteTeam "Andornaktalya"]
[BlackTeam "Barcza BEAC"]
[WhiteTeamCountry "HUN"]
[BlackTeamCountry "HUN"]

1. e4 g6 2. d4 Bg7 3. f4 d6 4. Nf3 Nf6 5. Nc3 0-0 6. Be2 e5 7. dxe5 dxe5 8. Qxd8 Rxd8 9. Nxe5 Re8 10. 0-0 c6 11. Be3 Nbd7 12. Bc4 Rxe5 13. fxe5 Nxe5 14. Bb3 Be6 15. Bxe6 fxe6 16. Rad1 b6 17. Bf4 Nfd7 18. Rd6 Bf8 19. Bxe5 Nxe5 20. Rxe6 Bc5+ 21. Kh1 Ng4 22. g3 Rd8 23. Na4 Be3 24. h3 Nf2+ 25. Kg2 Nd1 26. Kf3 Bh6 27. Rxc6 b5 28. Nc5 Nxb2 29. Ne6 Rd2 30. Kg4 1-0

[Event "HUN-chT2 Erkel 1415"]
[Site "Hungary"]
[Date "2014.11.30"]
[Round "3.3"]
[White "Bakos, Levente"]
[Black "Roos, Jean Luc"]
[Result "0-1"]
[WhiteElo "2151"]
[BlackElo "2248"]
[PlyCount "78"]
[EventDate "2014.09.28"]
[EventType "team-tourn"]
[EventRounds "9"]
[EventCountry "HUN"]
[SourceTitle "EXT 2016"]
[Source "ChessBase"]
[SourceDate "2015.10.08"]
[SourceVersion "1"]
[SourceVersionDate "2015.10.08"]
[SourceQuality "1"]
[WhiteTeam "Andornaktalya"]
[BlackTeam "Budapest MTK"]
[WhiteTeamCountry "HUN"]
[BlackTeamCountry "HUN"]

1. e4 e6 2. d4 d5 3. Nc3 Bb4 4. Nge2 dxe4 5. a3 Bxc3+ 6. Nxc3 Nc6 7. Bb5 Nge7 8. Nxe4 0-0 9. c3 Qd5 10. Bxc6 Qxc6 11. Qf3 Ng6 12. h4 Ne7 13. Bf4 f6 14. Nd2 e5 15. Qxc6 Nxc6 16. dxe5 Nxe5 17. Bxe5 Re8 18. 0-0-0 Rxe5 19. Rhe1 Rxe1 20. Rxe1 Kf7 21. Nc4 Be6 22. Ne3 Rd8 23. Rd1 Rxd1+ 24. Kxd1 g5 25. hxg5 fxg5 26. Kd2 Kf6 27. Nf1 h5 28. Ke3 Ke5 29. Nd2 Bd5 30. f3 h4 31. Nf1 g4 32. Nh2 g3 33. Nf1 Bc4 34. Nd2 Bb5 35. f4+ Kf5 36. Nf3 Bc6 37. Nxh4+ Kg4 38. Ng6 Bxg2 39. f5 Bd5 0-1

[Event "HUN-chT2 Erkel 1314"]
[Site "Hungary"]
[Date "2014.04.27"]
[Round "11.3"]
[White "Bakos, Levente"]
[Black "Nagyajtai, Gabor"]
[Result "1-0"]
[WhiteElo "2124"]
[BlackElo "2180"]
[PlyCount "37"]
[EventDate "2013.09.08"]
[EventType "team-tourn"]
[EventRounds "11"]
[EventCountry "HUN"]
[SourceTitle "EXT 2016"]
[Source "ChessBase"]
[SourceDate "2015.10.08"]
[SourceVersion "1"]
[SourceVersionDate "2015.10.08"]
[SourceQuality "1"]
[WhiteTeam "Andornaktalya"]
[BlackTeam "Szada GSBE"]
[WhiteTeamCountry "HUN"]
[BlackTeamCountry "HUN"]

1. e4 Nf6 2. Nc3 d5 3. exd5 Nxd5 4. Qf3 Nb6 5. d3 Nc6 6. Be3 e5 7. 0-0-0 Bb4 8. Nge2 0-0 9. d4 Bxc3 10. Nxc3 Nxd4 11. Qe4 Re8 12. Bxd4 exd4 13. Qxd4 Qxd4 14. Rxd4 Bd7 15. Bb5 c6 16. Be2 Bf5 17. Rhd1 Nd5 18. Nxd5 Rxe2 19. Ne3 1-0

[Event "HUN-chT2 Erkel 1314"]
[Site "Hungary"]
[Date "2013.11.17"]
[Round "5.2"]
[White "Bakos, Levente"]
[Black "Tornai, Imre"]
[Result "1/2-1/2"]
[WhiteElo "2124"]
[BlackElo "2190"]
[PlyCount "100"]
[EventDate "2013.09.08"]
[EventType "team-tourn"]
[EventRounds "11"]
[EventCountry "HUN"]
[SourceTitle "EXT 2016"]
[Source "ChessBase"]
[SourceDate "2015.10.08"]
[SourceVersion "1"]
[SourceVersionDate "2015.10.08"]
[SourceQuality "1"]
[WhiteTeam "Andornaktalya"]
[BlackTeam "Fot"]
[WhiteTeamCountry "HUN"]
[BlackTeamCountry "HUN"]

1. e4 e5 2. Nf3 Nc6 3. Bc4 Bc5 4. c3 Nf6 5. d4 exd4 6. cxd4 Bb4+ 7. Nc3 Nxe4 8. 0-0 Bxc3 9. d5 Bf6 10. Re1 Ne7 11. Rxe4 d6 12. Bg5 Bxg5 13. Nxg5 h6 14. Qe2 hxg5 15. Re1 Be6 16. dxe6 f6 17. Re3 Kf8 18. Rh3 Rxh3 19. gxh3 g6 20. Qf3 Kg7 21. Qxb7 Qc8 22. Qf3 Rb8 23. Bb3 Qb7 24. Qc3 Qb4 25. Rc1 Qxc3 26. bxc3 f5 27. Rd1 Kf6 28. Rd4 Rb5 29. h4 g4 30. h3 gxh3 31. Rd3 Rc5 32. Rxh3 d5 33. Kf1 Kxe6 34. Ke2 Kf6 35. Kd3 Rb5 36. f4 Ra5 37. c4 dxc4+ 38. Kxc4 Nd5 39. Rf3 Ke6 40. Rg3 Kf6 41. Rf3 c6 42. Kd4 Nb6 43. Rc3 Kg7 44. Rxc6 Kh7 45. Bf7 Ra4+ 46. Ke3 Ra3+ 47. Kf2 Kg7 48. Bxg6 Rxa2+ 49. Kf3 Ra3+ 50. Kf2 Ra2+ 1/2-1/2

[Event "HUN-chT2 Erkel 1314"]
[Site "Hungary"]
[Date "2013.09.22"]
[Round "2.3"]
[White "Bakos, Levente"]
[Black "Gombocz, Zsolt"]
[Result "1/2-1/2"]
[WhiteElo "2124"]
[BlackElo "2062"]
[PlyCount "66"]
[EventDate "2013.09.08"]
[EventType "team-tourn"]
[EventRounds "11"]
[EventCountry "HUN"]
[SourceTitle "EXT 2016"]
[Source "ChessBase"]
[SourceDate "2015.10.08"]
[SourceVersion "1"]
[SourceVersionDate "2015.10.08"]
[SourceQuality "1"]
[WhiteTeam "Andornaktalya"]
[BlackTeam "Budapest MAFC"]
[WhiteTeamCountry "HUN"]
[BlackTeamCountry "HUN"]

1. e4 Nf6 2. Nc3 d5 3. exd5 Nxd5 4. Bc4 e6 5. Nf3 Be7 6. 0-0 0-0 7. d4 Nxc3 8. bxc3 b6 9. Qe2 Bb7 10. Re1 h6 11. Ne5 Bd5 12. Bd3 Nd7 13. Ng4 Bg5 14. c4 Bb7 15. f4 Bh4 16. g3 Bf6 17. c3 Re8 18. Ne5 c5 19. Be3 Qc7 20. Bf2 Rac8 21. Qh5 Bxe5 22. fxe5 Qc6 23. Be4 Qc7 24. Bd3 Qc6 25. Be4 Qc7 26. Rac1 Nf8 27. Qf3 Bxe4 28. Qxe4 Ng6 29. h4 Rcd8 30. g4 Qe7 31. h5 Nf8 32. Kg2 Nh7 33. Red1 Ng5 1/2-1/2

[Event "HUN-chT2 Barcza 1213"]
[Site "Hungary"]
[Date "2013.04.21"]
[Round "11.3"]
[White "Zambor, Norbert"]
[Black "Bakos, Levente"]
[Result "1-0"]
[WhiteElo "2341"]
[BlackElo "2144"]
[PlyCount "77"]
[EventDate "2012.09.16"]
[EventType "team-tourn"]
[EventRounds "11"]
[EventCountry "HUN"]
[SourceTitle "EXT 2014"]
[Source "ChessBase"]
[SourceDate "2013.11.20"]
[SourceVersion "1"]
[SourceVersionDate "2013.11.20"]
[SourceQuality "1"]
[WhiteTeam "Edeleny"]
[BlackTeam "DEAC"]
[WhiteTeamCountry "HUN"]
[BlackTeamCountry "HUN"]

1. e4 c5 2. Nf3 d6 3. Bb5+ Bd7 4. Bxd7+ Qxd7 5. 0-0 Nf6 6. Re1 Nc6 7. c3 e6 8. d4 Be7 9. d5 Ne5 10. Nxe5 dxe5 11. c4 0-0 12. Nc3 Bd8 13. Bg5 Ne8 14. Be3 Rc8 15. dxe6 Qxe6 16. Nd5 Nd6 17. Qc2 b5 18. cxb5 f5 19. f3 Rf7 20. a4 Ba5 21. Re2 Rd7 22. Rd1 fxe4 23. fxe4 Nxe4 24. Qxe4 Rcd8 25. Bxc5 Rxd5 26. Rxd5 Rxd5 27. b4 Bb6 28. Re1 Bxc5+ 29. bxc5 Rxc5 30. Qa8+ Qc8 31. Qxa7 Rc1 32. Qe3 Rxe1+ 33. Qxe1 Qc5+ 34. Kh1 Qd4 35. Qb1 Qxa4 36. b6 Qe8 37. b7 Qb8 38. Qa2+ Kf8 39. Qa8 1-0

[Event "HUN-chT2 Barcza 1112 "]
[Site "Hungary"]
[Date "2012.04.22"]
[Round "9"]
[White "Bakos, Levente"]
[Black "Bartha, Laszlo"]
[Result "0-1"]
[WhiteElo "2152"]
[BlackElo "2040"]
[PlyCount "94"]
[EventDate "2011.09.25"]
[EventType "team-tourn"]
[EventRounds "11"]
[EventCountry "HUN"]
[SourceTitle "EXT 2013"]
[Source "ChessBase"]
[SourceDate "2012.11.22"]
[SourceVersion "1"]
[SourceVersionDate "2012.11.22"]
[SourceQuality "1"]
[WhiteTeam "DEAC"]
[BlackTeam "Tiszavasvar"]
[WhiteTeamCountry "HUN"]
[BlackTeamCountry "HUN"]

1. e4 c5 2. Nf3 g6 3. d4 Bg7 4. Be2 cxd4 5. Nxd4 Nc6 6. Nb3 Nf6 7. Nc3 d6 8. Be3 Be6 9. f4 Qc8 10. h3 h5 11. 0-0 h4 12. Qe1 Nh5 13. Qxh4 Bf6 14. Qf2 Bxh3 15. gxh3 Qxh3 16. Bf3 Ng3 17. Rfd1 Rh4 18. Qg2 Qxg2+ 19. Kxg2 Nh5 20. Nd5 0-0-0 21. Bf2 Nxf4+ 22. Nxf4 Rxf4 23. Bg3 Rxf3 24. Kxf3 Bxb2 25. Rab1 Bf6 26. c4 b6 27. a4 Rg8 28. a5 bxa5 29. Rd5 a4 30. Na5 Nd4+ 31. Kg2 a3 32. e5 a2 33. Rd1 dxe5 34. Bxe5 Bxe5 35. Rxe5 Nc2 36. Rc5+ Kb8 37. Rb5+ Ka8 38. Rc1 a1Q 39. Rxa1 Nxa1 40. Rb2 Rb8 41. Ra2 Rb1 42. Nc6 Kb7 43. Nxa7 Nb3 44. Nb5 Kc6 45. Ra7 Re1 46. Ra3 Nd2 47. Kf2 Re4 0-1

[Event "HUN-chT2 Barcza 1112 "]
[Site "Hungary"]
[Date "2011.09.25"]
[Round "1"]
[White "Bakos, Levente"]
[Black "Toth, Levente"]
[Result "0-1"]
[WhiteElo "2152"]
[BlackElo "1803"]
[PlyCount "34"]
[EventDate "2011.09.25"]
[EventType "team-tourn"]
[EventRounds "11"]
[EventCountry "HUN"]
[SourceTitle "EXT 2013"]
[Source "ChessBase"]
[SourceDate "2012.11.22"]
[SourceVersion "1"]
[SourceVersionDate "2012.11.22"]
[SourceQuality "1"]
[WhiteTeam "DEAC"]
[BlackTeam "Sarospatak"]
[WhiteTeamCountry "HUN"]
[BlackTeamCountry "HUN"]

1. e4 e5 2. Nf3 Nc6 3. Bc4 Nf6 4. Ng5 d5 5. exd5 Na5 6. d3 h6 7. Nf3 e4 8. Qe2 Nxc4 9. dxc4 Bc5 10. Nfd2 0-0 11. 0-0 Bg4 12. Qe1 Qd7 13. Nb3 Bf3 14. Bf4 Qg4 15. Bg3 Nh5 16. Nxc5 Nf4 17. Nd2 Qh3 0-1

[Event "HUN-chT2 Barcza 0910"]
[Site "Hungary"]
[Date "2010.04.11"]
[Round "9.6"]
[White "Nadasi, Endre"]
[Black "Bakos, Levente"]
[Result "0-1"]
[WhiteElo "1987"]
[BlackElo "2087"]
[PlyCount "76"]
[EventDate "2009.11.08"]
[EventType "team-tourn"]
[EventRounds "11"]
[EventCountry "HUN"]
[SourceTitle "EXT 2011"]
[Source "ChessBase"]
[SourceDate "2010.11.26"]
[SourceVersion "1"]
[SourceVersionDate "2010.11.26"]
[SourceQuality "1"]
[WhiteTeam "Debrecen Betu"]
[BlackTeam "DEAC"]
[WhiteTeamCountry "HUN"]
[BlackTeamCountry "HUN"]

1. c4 Nf6 2. Nc3 Nc6 3. g3 e5 4. Bg2 Bc5 5. e3 d5 6. cxd5 Nb4 7. d4 exd4 8. exd4 Be7 9. Nf3 Nbxd5 10. Qb3 0-0 11. 0-0 c6 12. Re1 Qc7 13. Ne5 Be6 14. Qc2 Rfd8 15. a3 Rac8 16. Bd2 Qb6 17. Ne2 c5 18. Qa4 Qxb2 19. Nc4 b5 20. Nxb2 bxa4 21. dxc5 Rxc5 22. Nd4 Rb8 23. Nxe6 fxe6 24. Nd3 Rc2 25. Ba5 Rb5 26. Bb4 Nxb4 27. axb4 Rd2 28. Rxe6 Kf7 29. Re3 Bxb4 30. Rxa4 Rd1+ 31. Bf1 a5 32. Ne5+ Ke6 33. Nc4+ Kd5 34. Kg2 Rxf1 35. Kxf1 Kxc4 36. Ke2 Nd5 37. Re4+ Kb3 38. Ra1 Nc3+ 0-1

[Event "HUN-chT2 Barcza 0809"]
[Site "Hungary"]
[Date "2009.04.19"]
[Round "11.7"]
[White "Landenberger, Laszlo"]
[Black "Bakos, Levente"]
[Result "1/2-1/2"]
[WhiteElo "2171"]
[BlackElo "2055"]
[PlyCount "61"]
[EventDate "2008.10.26"]
[EventType "team-tourn"]
[EventRounds "11"]
[EventCountry "HUN"]
[SourceTitle "EXT 2010"]
[Source "ChessBase"]
[SourceDate "2010.11.25"]
[SourceVersion "1"]
[SourceVersionDate "2010.11.25"]
[SourceQuality "1"]
[WhiteTeam "Miskolc EMSE II"]
[BlackTeam "DEAC"]
[WhiteTeamCountry "HUN"]
[BlackTeamCountry "HUN"]

1. e4 Nf6 2. Nc3 d5 3. exd5 Nxd5 4. Bc4 c6 5. h3 Be6 6. Bb3 Nxc3 7. bxc3 Bd5 8. Nf3 e6 9. c4 Bxf3 10. Qxf3 Be7 11. 0-0 Nd7 12. d4 Bf6 13. c3 0-0 14. a4 Bg5 15. Rd1 Bxc1 16. Raxc1 Qf6 17. Qg3 Rac8 18. Qd6 Rfd8 19. Qb4 Qf4 20. Bc2 b6 21. Qb1 g6 22. Rd3 c5 23. Rf3 Qg5 24. Rg3 Qf6 25. d5 Nf8 26. Be4 Rd6 27. Re1 Re8 28. Rf3 Qh4 29. g4 Nd7 30. Qc1 e5 31. Kg2 1/2-1/2

[Event "HUN-chT2 Barcza 0809"]
[Site "Hungary"]
[Date "2009.01.25"]
[Round "6.10"]
[White "Bakos, Levente"]
[Black "Gunyecz, Zoltan"]
[Result "1-0"]
[WhiteElo "2055"]
[BlackElo "2001"]
[PlyCount "55"]
[EventDate "2008.10.26"]
[EventType "team-tourn"]
[EventRounds "11"]
[EventCountry "HUN"]
[SourceTitle "EXT 2010"]
[Source "ChessBase"]
[SourceDate "2010.11.25"]
[SourceVersion "1"]
[SourceVersionDate "2010.11.25"]
[SourceQuality "1"]
[WhiteTeam "DEAC"]
[BlackTeam "Nyiregyhaza"]
[WhiteTeamCountry "HUN"]
[BlackTeamCountry "HUN"]

1. e4 c6 2. d4 d5 3. exd5 cxd5 4. c4 Nf6 5. Nc3 Nc6 6. Bg5 dxc4 7. d5 Ne5 8. Qd4 Nd3+ 9. Bxd3 cxd3 10. Nf3 h6 11. Bxf6 gxf6 12. 0-0 Bf5 13. Rfe1 Bg7 14. d6 e6 15. Nd5 Qxd6 16. Nh4 Bh7 17. Qa4+ Kf8 18. Nc3 a6 19. Rad1 Rd8 20. Nf3 f5 21. Qh4 Qe7 22. Qc4 Qd6 23. Qh4 Bxc3 24. bxc3 Kg7 25. Ne5 Qa3 26. Re3 Qxc3 27. Rg3+ Bg6 28. Rxg6+ 1-0

[Event "Nyiregyhaza op"]
[Site "Nyiregyhaza"]
[Date "2008.07.25"]
[Round "5"]
[White "Bakos, Levente"]
[Black "Konnyu, Janos"]
[Result "0-1"]
[WhiteElo "2045"]
[BlackElo "2314"]
[PlyCount "78"]
[EventDate "2008.07.23"]
[EventType "swiss"]
[EventRounds "7"]
[EventCountry "HUN"]
[SourceTitle "EXT 2009"]
[Source "ChessBase"]
[SourceDate "2008.11.26"]
[SourceVersion "1"]
[SourceVersionDate "2008.11.26"]
[SourceQuality "1"]

1. e4 c5 2. Nf3 d6 3. d4 cxd4 4. Nxd4 Nf6 5. Nc3 g6 6. Be3 Bg7 7. f3 0-0 8. Qd2 Nc6 9. Bc4 Bd7 10. 0-0-0 Rc8 11. Bb3 Ne5 12. Kb1 Re8 13. g4 Qa5 14. h4 Nxf3 15. Nxf3 Rxc3 16. Qxc3 Qxc3 17. bxc3 Nxe4 18. Bxf7+ Kxf7 19. Ng5+ Nxg5 20. hxg5 Bxg4 21. Rdf1+ Kg8 22. Bd4 e5 23. Bxa7 Ra8 24. Rh4 Be6 25. Bb6 Bxa2+ 26. Kb2 Be6 27. Ra1 Rc8 28. Rha4 Rc6 29. Rb4 Bc4 30. Ba7 b5 31. Be3 Rc7 32. Ra8+ Kf7 33. Ka3 e4 34. Bd4 Bxd4 35. cxd4 e3 36. Rb1 e2 37. Kb4 Ke6 38. Re8+ Kd5 39. c3 Ra7 0-1

[Event "Nyiregyhaza op"]
[Site "Nyiregyhaza"]
[Date "2008.07.25"]
[Round "4"]
[White "Istvanovszky, Martin"]
[Black "Bakos, Levente"]
[Result "1/2-1/2"]
[WhiteElo "2204"]
[BlackElo "2045"]
[PlyCount "81"]
[EventDate "2008.07.23"]
[EventType "swiss"]
[EventRounds "7"]
[EventCountry "HUN"]
[SourceTitle "EXT 2009"]
[Source "ChessBase"]
[SourceDate "2008.11.26"]
[SourceVersion "1"]
[SourceVersionDate "2008.11.26"]
[SourceQuality "1"]

1. e4 c5 2. Nf3 d6 3. d4 cxd4 4. Nxd4 Nf6 5. Nc3 g6 6. Be3 Bg7 7. f3 0-0 8. Bc4 Nc6 9. Bb3 Nxd4 10. Bxd4 Be6 11. Qd2 Qa5 12. 0-0-0 b5 13. Kb1 Rfc8 14. Bxf6 Bxf6 15. Nd5 Qxd2 16. Nxf6+ Kg7 17. Nh5+ Kh6 18. Rxd2 Kxh5 19. Bd5 Rab8 20. e5 Rd8 21. Rhd1 Rb6 22. c3 Kg5 23. Be4 Kf4 24. Re1 b4 25. cxb4 Rxb4 26. exd6 exd6 27. g3+ Kg5 28. Red1 Rdb8 29. a3 Rb3 30. Ka1 h5 31. Re2 R8b6 32. Rd4 R3b5 33. Red2 Rc5 34. Kb1 Rcb5 35. Bd5 Kf6 36. a4 Rb4 37. Bxe6 fxe6 38. Rxb4 Rxb4 39. Rxd6 Rxa4 40. Kc2 Ra1 41. Rd2 1/2-1/2